<?xml version="1.0" encoding="UTF-8"?>
<collection xmlns="http://www.loc.gov/MARC21/slim">
 <record>
  <leader>01570nam a2200217 a 4500</leader>
  <controlfield tag="001">1/47600</controlfield>
  <controlfield tag="008">171214s1997    gr       b    00110 gre  </controlfield>
  <datafield tag="020" ind1=" " ind2=" ">
   <subfield code="a">960232578X</subfield>
  </datafield>
  <datafield tag="035" ind1=" " ind2=" ">
   <subfield code="l">50587</subfield>
  </datafield>
  <datafield tag="040" ind1=" " ind2=" ">
   <subfield code="a">GR-PeUP</subfield>
  </datafield>
  <datafield tag="082" ind1="0" ind2="0">
   <subfield code="a">343.056 ΒΗΤ</subfield>
  </datafield>
  <datafield tag="100" ind1="1" ind2=" ">
   <subfield code="a">Βήτος, Γεώργιος.</subfield>
  </datafield>
  <datafield tag="245" ind1="1" ind2="0">
   <subfield code="a">Κοινοτικός τελωνειακός κώδικας :</subfield>
   <subfield code="b">Τελωνειακά καθεστώτα (εισαγωγής, εξαγωγής, διαμετακόμισης) - Ενδοκοινοτική κυκλοφορία εμπορευμάτων - Ενδοκοινοτικό Φ.Π.Α. - Ενδοκοινοτικό Ε.Φ.Κ. /</subfield>
   <subfield code="c">Γεωργίου Βήτου.</subfield>
  </datafield>
  <datafield tag="260" ind1="0" ind2=" ">
   <subfield code="a">Αθήνα ;</subfield>
   <subfield code="a">Κομοτηνή :</subfield>
   <subfield code="b">Αντ.Ν.Σάκκουλας,</subfield>
   <subfield code="c">1997.</subfield>
  </datafield>
  <datafield tag="300" ind1=" " ind2=" ">
   <subfield code="a">526 σ. ;</subfield>
   <subfield code="c">24 εκ.</subfield>
  </datafield>
  <datafield tag="500" ind1=" " ind2=" ">
   <subfield code="a">Αλυτική παρουσίαση, υπό τύπον σεμιναρίου, με βάση τις διατάξεις του Τελωνειακού Κώδικα της Ευρωπαικής Ένωσης, τις διατάξεις του Εθνικού Τελωνειακού Κώδικα και της νομοθεσίας για τον Φ.Π.Α. και τους Ε.Φ.Κ.</subfield>
  </datafield>
  <datafield tag="504" ind1=" " ind2=" ">
   <subfield code="a">Περιέχει βιβλιογραφία και ευρετήριο.</subfield>
  </datafield>
  <datafield tag="650" ind1=" " ind2="4">
   <subfield code="a">Tariff</subfield>
   <subfield code="x">Law and legislation.</subfield>
  </datafield>
  <datafield tag="650" ind1=" " ind2="4">
   <subfield code="a">Δασμοί</subfield>
   <subfield code="x">Δίκαιο και νομοθεσία.</subfield>
  </datafield>
  <datafield tag="650" ind1=" " ind2="4">
   <subfield code="a">Τελωνειακή νομοθεσία.</subfield>
  </datafield>
  <datafield tag="852" ind1=" " ind2=" ">
   <subfield code="a">INST</subfield>
   <subfield code="b">UNIPILB</subfield>
   <subfield code="c">MAIN</subfield>
   <subfield code="e">20171214</subfield>
   <subfield code="h">343.056 ΒΗΤ</subfield>
   <subfield code="p">00178722</subfield>
   <subfield code="q">00178722</subfield>
   <subfield code="t">LOAN</subfield>
   <subfield code="y">0</subfield>
   <subfield code="4">1</subfield>
  </datafield>
 </record>
</collection>
